00893 2200325 4500001002100000005001500021035002000036007000300056040001700059100002900076245007000105250001000175300004000185020002200225041000800247082001100255084001700266090002100283264003200304336002100336337003000357338002300387650001000410700003700420850001000457008004100467504002900508990001500537990001500552INLIS00000000000542720260513091920 a0010-0222000517ta aSBPUPADbind1 aFachmy CasofaePengarang1 aMeniti Jalan Pewaris Nabi /cFachmy Casofa ;Editor, Saladin Zanky aCet.1 axii, 196 hal. :bIlus ;c20,5x14 cm a978-602-8081-22-10 aind a297.43 a297.43 CAS m a297.5 MAH j 3-10 aSurakarta :bMumtaza,c2010 2rdacontentaTeks 2rdamediaaTanpa Perantara 2rdacarrieraVolume 4aAgama0 aEditor, Saladin ZankyePengarang aPUPAD260513 0  abibliografi, hal 193-194 a727/B/2013 a726/B/2013